000 00715nam a2200217 a 4500
001 82410
003 BD-RjUL
005 20231206103927.0
008 231206s2023 bg ||||| |||| 00| 0 ben d
020 _a9789849303039
035 _a(BD-RjUL)82410
040 _aBD-RjUL
_beng
_cBD-RjUL
041 _aeng
082 _223
_a398.2
_bHOT 2023
245 _aতোমাকেই খুঁজে ফিরি /
_cমোহাম্মদ আখতার হোসেন
260 _aঢাকা :
_bপ্রত্যাশা প্রকাশনী,
_c২০২০
300 _a৭৯ পৃ.;
_c২৫ সেমি.
650 _aলোকসাহিত্য
650 _aFolk literature
942 _2ddc
_cBK
999 _c82410
_d82410